Statistics for Movies by Year, 1950–1969

Click here to take the quiz!

General Stats

  • This quiz has been taken 18,845 times
  • The average score is 15 of 20

Answer Stats

YearClueAnswer% Correct
1965Julie Andrews stars in this movie about a musical Austrian familyThe Sound of Music
93%
1962Dr. No becomes the first movie to feature this characterJames Bond
90%
1955This rebel without a cause dies in a car crashJames Dean
88%
1960This director fights with censors to allow "Psycho" to be releasedAlfred Hitchcock
87%
1956This singer stars in his first film, "Love Me Tender"Elvis Presley
83%
1968Charlton Heston visits this planet, only to find out that it was Earth all alongPlanet of the Apes
82%
1969Followers of this madman murder actress Sharon TateCharles Manson
81%
1963This desert epic, starring Peter O'Toole, wins an Oscar for Best PictureLawrence of Arabia
80%
1964This actress marries Richard Burton for the first timeElizabeth Taylor
79%
1952"What a glorious feeling" sings Gene Kelly in this movieSingin' in the Rain
79%
1959Charlton Heston stars in this movie about a charioteer in the time of JesusBen-Hur
78%
1967This movie features a soundtrack by Simon & GarfunkelThe Graduate
74%
1957This "Casablanca" actor dies of cancerHumphrey Bogart
73%
1958This actress is born to Tony Curtis and Janet Leigh (give her first name)Jamie Lee Curtis
73%
1954Marilyn Monroe marries and divorces this baseball playerJoe Dimaggio
73%
1953This actress has her first starring role in "Roman Holiday"Audrey Hepburn
69%
1951This actor stars as Stanley Kowalski in "A Streetcar Named Desire"Marlon Brando
66%
1961This film, based on a Leonard Bernstein musical, hits theatersWest Side Story
54%
1950This comedian stars alongside Dean Martin in "At War with the Army"Jerry Lewis
46%
1966Clint Eastwood stars in "The Good, the Bad and the Ugly", by this Italian directorSergio Leone
43%

Score Distribution

Percentile by Number Answered

Percent of People with Each Score

Your Score History

You have not taken this quiz